000 00512 a2200181 4500
003 OSt
005 20231211115755.0
008 231208b |||||||| |||| 00| 0 eng d
020 _a9788126464418
040 _coclc
082 _a954.83
_bSRE/S
100 1 _aSreedhara Menon, A.
_910096
245 _aSIR C P THIRUVITHAMKOOR CHARITHRATHIL /
_cA Sreedhara Menon
250 _a6th ed.
260 _bD C Books,
_c2023.
300 _a632p
942 _2ddc
_cBK
_h954.83
_iSRE/S
_k954.83
_mSRE/S
999 _c44196
_d44196